| 000 | 01165cad a22002295a 4500 | ||
|---|---|---|---|
| 001 | L138676 | ||
| 008 | 070703s2007 xxkd f s 000 0 eng d | ||
| 035 | _a(Sirsi) u138676 | ||
| 041 | 0 | _aeng | |
| 050 | 0 | 4 | _a380.1 $2 18 |
| 110 | 2 |
_aRoyal Institution of Chartered Surveyors _94900 |
|
| 245 | 0 | 0 |
_aRICS real estate auction statistics _vfourth quarter 2006 _h[electronic resource] |
| 260 |
_a[S.l.] _bRICS _c2007 |
||
| 490 | 0 |
_aRICS Real Estate Auction Statistics _vFourth Quarter 2006 |
|
| 520 | _aReveals that 4 813 residential properties were sold at auction in the fourth quarter of 2006, with northwest England overtaking London as the most active region. In terms of commercial property, there were 1 402 properties sold at auction in the fourth quarter of 2006, with the greatest activity in southeast England. | ||
| 650 | 2 | 4 | _aRICS REAL ESTATE AUCTION STATISTICS |
| 651 | 4 |
_aUnited Kingdom _y |
|
| 690 | _aPROPERTY-AUCTIONEERING | ||
| 690 | _aPROPERTY-COMMERCIAL PROPERTY-COMMERCIAL PROPERTY MARKET | ||
| 856 | 4 | 0 |
_uhttps://www.rics.org/RICSWEB/getpage.aspx?p=-JE-RfJqZkaPcbTXLXc3Xw _zView the statistics free of charge at www.rics.org... |
| 942 | _n0 | ||
| 999 |
_c107224 _d107224 |
||